[Event "Titled Tuesday intern op 13th Feb Early"]
[Site "Chess.com INT"]
[Date "2024.02.13"]
[Round "2"]
[White "Freitas, Remulo Aguiar"]
[Black "Guerrero Olmos, Sergio"]
[Result "0-1"]
[WhiteElo "2086"]
[BlackElo "2374"]
[PlyCount "116"]
[EventDate "2024.02.13"]
[EventType "swiss (blitz)"]
[EventRounds "11"]
[EventCountry "USA"]
[SourceTitle "CB08_2024"]
[SourceDate "2024.02.21"]
[SourceVersion "1"]
[SourceVersionDate "2024.02.21"]
[SourceQuality "1"]

1. d4 d5 2. Bg5 h6 3. Bh4 Bf5 4. e3 c6 5. Bd3 Bxd3 6. Qxd3 Nd7 7. Nf3 Qb6 8. Nbd2 g5 9. Bg3 Bg7 10. 0-0 e6 11. c4 Ne7 12. c5 Qd8 13. Bd6 Nf5 14. e4 Nxd6 15. cxd6 dxe4 16. Nxe4 b6 17. Rac1 Rc8 18. Rfe1 0-0 19. Ng3 Nf6 20. Qa6 Qxd6 21. Qxa7 b5 22. Qc5 Qxc5 23. Rxc5 Nd7 24. Rc2 g4 25. Ne5 Nxe5 26. dxe5 c5 27. f4 gxf3 28. gxf3 c4 29. f4 Rfd8 30. Kf2 Bf8 31. Ne4 Rd4 32. Rg1+ Kh8 33. Ke3 Rcd8 34. Rcg2 Rd3+ 35. Ke2 Be7 36. Rg7 R3d4 37. Kf3 Rd3+ 38. Kf2 R3d4 39. Nf6 Rxf4+ 40. Ke3 Rxf6 41. exf6 Bc5+ 42. Ke4 Bxg1 43. Rxg1 b4 44. Rc1 Rc8 45. Ke5 c3 46. bxc3 bxc3 47. Kd6 Kh7 48. Kd7 Rc4 49. Ke8 Kg6 50. Ke7 Rc7+ 51. Kd6 Ra7 52. Ke5 Ra5+ 53. Kd4 Kxf6 54. Rf1+ Ke7 55. Ra1 c2 56. a4 Rxa4+ 57. Rxa4 c1Q 58. Ra7+ Kf6 0-1

[Event "Titled Tuesday intern op 13th Feb Early"]
[Site "Chess.com INT"]
[Date "2024.02.13"]
[Round "3"]
[White "Ranaldi, Lucas"]
[Black "Freitas, Remulo Aguiar"]
[Result "1-0"]
[WhiteElo "2362"]
[BlackElo "2086"]
[PlyCount "89"]
[EventDate "2024.02.13"]
[EventType "swiss (blitz)"]
[EventRounds "11"]
[EventCountry "USA"]
[SourceTitle "CB08_2024"]
[SourceDate "2024.02.21"]
[SourceVersion "1"]
[SourceVersionDate "2024.02.21"]
[SourceQuality "1"]

1. Nf3 e6 2. c4 Ne7 3. d4 c5 4. d5 exd5 5. cxd5 d6 6. Nc3 Ng6 7. e4 Be7 8. Be2 0-0 9. 0-0 a6 10. a4 Bf6 11. Qc2 Nd7 12. Re1 Re8 13. Bf1 Nde5 14. Nd2 Bg5 15. Ra3 f5 16. exf5 Nh4 17. Nce4 Bxf5 18. Qd1 Bxe4 19. Nxe4 Bxc1 20. Qxc1 Nf5 21. Ng5 Nd4 22. Ne6 Qf6 23. f4 Ng4 24. h3 Nh6 25. g4 Nxe6 26. dxe6 Rxe6 27. Bc4 Qd4+ 28. Kg2 d5 29. Rxe6 dxc4 30. Rae3 Qd5+ 31. Kg3 Rf8 32. Re8 g5 33. Rxf8+ Kxf8 34. fxg5 Nf7 35. Rf3 Qe5+ 36. Qf4 Qe7 37. h4 Kg8 38. Kh3 c3 39. bxc3 Qd7 40. h5 Qd5 41. Kh4 h6 42. gxh6 Qd8+ 43. g5 c4 44. Qxf7+ Kh8 45. Qg7# 1-0

[Event "Santo Antonio de Jesus Bahia op"]
[Site "Santo Antonio de Jesus"]
[Date "2022.07.09"]
[Round "5"]
[White "Freitas, Remulo Aguiar"]
[Black "De Sousa, Alex Aecio"]
[Result "1/2-1/2"]
[WhiteElo "2111"]
[BlackElo "1700"]
[PlyCount "46"]
[EventDate "2022.07.07"]
[EventType "swiss"]
[EventRounds "6"]
[EventCountry "BRA"]
[SourceTitle "CBM 209 Extra"]
[Source "ChessBase"]
[SourceDate "2022.09.30"]
[SourceVersion "1"]
[SourceVersionDate "2022.09.30"]
[SourceQuality "1"]

1. d4 Nf6 2. Bg5 g6 3. Bxf6 exf6 4. h4 h5 5. e3 d5 6. c4 Nc6 7. a3 Ne7 8. Nc3 Bh6 9. cxd5 Nxd5 10. Bc4 Nxc3 11. bxc3 Qe7 12. Ne2 0-0 13. Ng3 Bg4 14. Qd3 Be6 15. Bxe6 Qxe6 16. Ne2 Rfe8 17. Kf1 Rad8 18. Rh3 Rd6 19. c4 f5 20. Rd1 Qe4 21. Nc3 Qxd3+ 22. Rxd3 c6 23. g3 Bg7 1/2-1/2

[Event "Vitoria da Conquista"]
[Site "Vitoria da Conquista"]
[Date "2020.03.15"]
[Round "5"]
[White "Freitas, Remulo Aguiar"]
[Black "Louro, Joao Vicente Alves"]
[Result "1-0"]
[WhiteElo "2092"]
[BlackElo "1437"]
[PlyCount "110"]
[EventDate "2020.03.12"]
[EventType "tourn"]
[EventRounds "11"]
[EventCountry "BRA"]
[SourceTitle "CBM 197 Extra"]
[Source "ChessBase"]
[SourceDate "2020.09.30"]
[SourceVersion "1"]
[SourceVersionDate "2020.09.30"]
[SourceQuality "1"]

1. d4 f5 2. Bg5 Nf6 3. Bxf6 exf6 4. g3 d5 5. Bg2 c6 6. Nf3 Bd6 7. c4 dxc4 8. Qc2 Qe7 9. 0-0 0-0 10. Qxc4+ Be6 11. Qc2 Na6 12. a3 Nc7 13. Nc3 Rfe8 14. Rfe1 Qd7 15. Rad1 Nd5 16. Nh4 Nxc3 17. Qxc3 Rac8 18. Qd3 g5 19. Nf3 Bd5 20. Nd2 Bxg2 21. Kxg2 Rcd8 22. Nc4 f4 23. e4 fxe3 24. Rxe3 Bc7 25. Rxe8+ Rxe8 26. Ne3 Qe6 27. Nf5 Qe4+ 28. Qxe4 Rxe4 29. Kf3 Re8 30. Rc1 Bb6 31. Rd1 Re6 32. Rd3 Kf7 33. Re3 a5 34. Rxe6 Kxe6 35. Ke4 Bc7 36. h3 Bd6 37. a4 Bf8 38. g4 b6 39. Ne3 Bd6 40. Nf5 Bf8 41. h4 h6 42. h5 b5 43. b3 Kd7 44. d5 bxa4 45. bxa4 c5 46. Kd3 Kc7 47. Kc4 Kb6 48. f3 Ka6 49. d6 Kb6 50. Ne7 Bg7 51. Kd5 Bf8 52. Ke6 c4 53. d7 Kc7 54. Nc6 Kxc6 55. d8Q Ba3 1-0

[Event "Vitoria da Conquista"]
[Site "Vitoria da Conquista"]
[Date "2020.03.13"]
[Round "2"]
[White "Freitas, Remulo Aguiar"]
[Black "Braga, Debora Abade"]
[Result "1-0"]
[WhiteElo "2092"]
[BlackElo "1420"]
[PlyCount "39"]
[EventDate "2020.03.12"]
[EventType "tourn"]
[EventRounds "11"]
[EventCountry "BRA"]
[SourceTitle "CBM 197 Extra"]
[Source "ChessBase"]
[SourceDate "2020.09.30"]
[SourceVersion "1"]
[SourceVersionDate "2020.09.30"]
[SourceQuality "1"]

1. d4 d5 2. Nf3 g6 3. g3 Bg7 4. Bg2 Nf6 5. 0-0 c5 6. dxc5 Qc7 7. a3 Qxc5 8. b4 Qd6 9. Bb2 Nc6 10. b5 Na5 11. Nbd2 a6 12. a4 axb5 13. axb5 b6 14. Nb3 0-0 15. Nxa5 Rxa5 16. Rxa5 bxa5 17. Qa1 Qc7 18. Nd4 e5 19. Nc6 d4 20. Nxa5 1-0

[Event "American Continental 15th"]
[Site "Sao Paulo"]
[Date "2019.07.13"]
[Round "11"]
[White "Freitas, Remulo Aguiar"]
[Black "Frattini, Beatriz Maria"]
[Result "1-0"]
[WhiteElo "2129"]
[BlackElo "1858"]
[PlyCount "79"]
[EventDate "2019.07.05"]
[EventType "swiss"]
[EventRounds "11"]
[EventCountry "BRA"]
[SourceTitle "CBM 191 Extra"]
[Source "ChessBase"]
[SourceDate "2019.09.30"]
[SourceVersion "1"]
[SourceVersionDate "2019.09.30"]
[SourceQuality "1"]

1. d4 Nf6 2. Bg5 Ne4 3. Bf4 c5 4. f3 Qa5+ 5. c3 Nf6 6. d5 Qb6 7. b3 d6 8. e4 e6 9. Bc4 exd5 10. exd5 Be7 11. Ne2 0-0 12. 0-0 Qd8 13. Ng3 Re8 14. Nd2 Nbd7 15. Nde4 Nb6 16. Bb5 Rf8 17. Nxf6+ Bxf6 18. Ne4 Be7 19. Re1 f5 20. Nf2 g5 21. Bc1 Bf6 22. Bb2 Kh8 23. Qd2 a6 24. Bf1 Re8 25. c4 Bd7 26. Bd3 Rxe1+ 27. Rxe1 Qf8 28. Bxf6+ Qxf6 29. Qa5 Qd8 30. g4 fxg4 31. fxg4 h6 32. Qc3+ Kg8 33. Ne4 Qf8 34. Nf6+ Kf7 35. Nxd7 Nxd7 36. Rf1+ Ke7 37. Rxf8 Rxf8 38. Qg7+ Rf7 39. Qxh6 Ne5 40. Qe6+ 1-0

[Event "American Continental 15th"]
[Site "Sao Paulo"]
[Date "2019.07.09"]
[Round "7"]
[White "Freitas, Remulo Aguiar"]
[Black "Lage, Pedro Ferreira"]
[Result "1/2-1/2"]
[WhiteElo "2129"]
[BlackElo "2050"]
[PlyCount "21"]
[EventDate "2019.07.05"]
[EventType "swiss"]
[EventRounds "11"]
[EventCountry "BRA"]
[SourceTitle "CBM 191 Extra"]
[Source "ChessBase"]
[SourceDate "2019.09.30"]
[SourceVersion "1"]
[SourceVersionDate "2019.09.30"]
[SourceQuality "1"]

1. d4 d5 2. c4 c6 3. Nf3 Nf6 4. Nc3 dxc4 5. a4 Bf5 6. e3 e6 7. Bxc4 Bb4 8. 0-0 Nbd7 9. Qe2 Bg6 10. Na2 Be7 11. Nc3 1/2-1/2

[Event "American Continental 15th"]
[Site "Sao Paulo"]
[Date "2019.07.08"]
[Round "5"]
[White "Freitas, Remulo Aguiar"]
[Black "Dos Reis, Leandro Aparecido C"]
[Result "1-0"]
[WhiteElo "2129"]
[BlackElo "1990"]
[PlyCount "56"]
[EventDate "2019.07.05"]
[EventType "swiss"]
[EventRounds "11"]
[EventCountry "BRA"]
[SourceTitle "CBM 191 Extra"]
[Source "ChessBase"]
[SourceDate "2019.09.30"]
[SourceVersion "1"]
[SourceVersionDate "2019.09.30"]
[SourceQuality "1"]

1. d4 Nf6 2. Bg5 e6 3. e4 h6 4. Bxf6 Qxf6 5. Nf3 d5 6. Nbd2 Nc6 7. c3 Bd7 8. Bd3 g5 9. e5 Qg7 10. h3 0-0-0 11. b4 f6 12. b5 Nxe5 13. dxe5 fxe5 14. Be2 e4 15. Nd4 Bd6 16. Qa4 Bc5 17. N2b3 Bb6 18. Qb4 e5 19. a4 exd4 20. a5 Bxa5 21. Qxa5 d3 22. Kd2 dxe2 23. Qxa7 Bxb5 24. Nc5 c6 25. Qa8+ Kc7 26. Qxb7+ Kd6 27. Qxg7 Kxc5 28. Qe7+ Rd6 1-0

[Event "Salvador Bahia-ch"]
[Site "Salvador"]
[Date "2017.12.16"]
[Round "2"]
[White "Freitas, Remulo Aguiar"]
[Black "Costa, Rogerio de Souza"]
[Result "1/2-1/2"]
[WhiteElo "2152"]
[BlackElo "1921"]
[PlyCount "116"]
[EventDate "2017.12.15"]
[EventType "swiss"]
[EventRounds "5"]
[EventCountry "BRA"]
[SourceTitle "CBM 182 Extra"]
[Source "ChessBase"]
[SourceDate "2018.02.23"]
[SourceVersion "1"]
[SourceVersionDate "2018.02.23"]
[SourceQuality "1"]

1. d4 d5 2. e3 c6 3. Bd3 Nf6 4. Nd2 e6 5. f4 Bd6 6. Qf3 c5 7. c3 Nc6 8. Nh3 cxd4 9. exd4 Qc7 10. 0-0 Bd7 11. Qe2 0-0-0 12. Nf3 Rdf8 13. Ne5 h6 14. Bd2 Kb8 15. b4 Bc8 16. a4 Ne7 17. Rac1 Bxe5 18. fxe5 Ne8 19. b5 Ka8 20. c4 Qb8 21. Bb4 Nc7 22. c5 f6 23. a5 fxe5 24. Qxe5 Rxf1+ 25. Rxf1 Nf5 26. b6 Ne8 27. bxa7 Qc7 28. Qxc7 Nxc7 29. Bc3 Kxa7 30. g4 Ne3 31. Rf7 Ne8 32. a6 Nc4 33. axb7 Bxb7 34. Bxc4 dxc4 35. c6 Nd6 36. Re7 Ne4 37. Rxb7+ Ka6 38. Bb4 c3 39. Ba3 Rc8 40. Rb1 Rxc6 41. Bc1 Nd2 42. Bxd2 cxd2 43. Rd1 Rc1 44. Nf2 Kb5 45. Kg2 Rxd1 46. Nxd1 Kc4 47. Kf3 Kxd4 48. Ke2 Ke4 49. Kxd2 Kf3 50. Ne3 g6 51. Kd3 h5 52. gxh5 gxh5 53. Kd4 e5+ 54. Kxe5 Kxe3 55. h4 Kf3 56. Kf5 Kg3 57. Kg6 Kf4 58. Kxh5 Kg3 1/2-1/2

[Event "Florianopolis zt 2.4"]
[Site "Florianopolis"]
[Date "2017.04.30"]
[Round "7"]
[White "Freitas, Remulo Aguiar"]
[Black "Miranda Neto, Jayme Amorim"]
[Result "0-1"]
[WhiteElo "2174"]
[BlackElo "2111"]
[PlyCount "74"]
[EventDate "2017.04.26"]
[EventType "swiss"]
[EventRounds "9"]
[EventCountry "BRA"]
[SourceTitle "CBM 178 Extra"]
[Source "ChessBase"]
[SourceDate "2017.06.22"]
[SourceVersion "1"]
[SourceVersionDate "2017.06.22"]
[SourceQuality "1"]

1. e4 c6 2. Nc3 d5 3. Nf3 e6 4. d4 dxe4 5. Nxe4 Nf6 6. Nxf6+ Qxf6 7. Bg5 Qf5 8. Bd3 Qa5+ 9. Bd2 Qc7 10. 0-0 Be7 11. Ne5 Nd7 12. Qh5 Nxe5 13. dxe5 Bd7 14. b4 c5 15. bxc5 g6 16. Qe2 Bxc5 17. Bg5 Bd4 18. Bf6 Bxa1 19. Bxh8 Bc3 20. Bf6 a6 21. Rd1 b5 22. h4 Rc8 23. h5 Qc5 24. hxg6 hxg6 25. Be4 Rc7 26. Bf3 Bd4 27. Qe4 Bxf2+ 28. Kh2 Ra7 29. Qf4 Qe3 30. Qxe3 Bxe3 31. Rd3 Bc5 32. Bg5 Be7 33. Be3 Rc7 34. Be4 b4 35. Rd2 Bb5 36. Kg3 Rc3 37. Kf3 Rxe3+ 0-1

[Event "Vitoria da Conquista IRT 6th"]
[Site "Vitoria da Conquista"]
[Date "2016.10.15"]
[Round "23"]
[White "De Almeida, Tiago Carvalho"]
[Black "Freitas, Remulo Aguiar"]
[Result "0-1"]
[WhiteElo "1528"]
[BlackElo "2114"]
[PlyCount "52"]
[EventDate "2016.09.29"]
[EventType "tourn"]
[EventRounds "26"]
[EventCountry "BRA"]
[SourceTitle "EXT 2022"]
[Source "ChessBase"]
[SourceDate "2021.10.06"]
[SourceVersion "1"]
[SourceVersionDate "2021.10.06"]
[SourceQuality "1"]

1. f4 f5 2. Nf3 Nf6 3. e3 g6 4. Bc4 Bg7 5. 0-0 d5 6. Bb3 c5 7. d4 c4 8. Ba4+ Nbd7 9. Bxd7+ Bxd7 10. Ne5 0-0 11. Nd2 Rc8 12. b3 c3 13. Ndf3 Bb5 14. Re1 Ne4 15. a4 Ba6 16. Ba3 Qc7 17. g4 fxg4 18. Nxg4 Qd7 19. Nge5 Qe6 20. Kg2 g5 21. Nxg5 Nxg5 22. fxg5 Bxe5 23. dxe5 Qxe5 24. Rc1 h6 25. gxh6 Qe4+ 26. Kg1 Kh7 0-1

[Event "Vitoria da Conquista IRT 6th"]
[Site "Vitoria da Conquista"]
[Date "2016.10.13"]
[Round "19"]
[White "Dos Santos, Ravilon Aguiar"]
[Black "Freitas, Remulo Aguiar"]
[Result "0-1"]
[WhiteElo "1656"]
[BlackElo "2114"]
[PlyCount "89"]
[EventDate "2016.09.29"]
[EventType "tourn"]
[EventRounds "26"]
[EventCountry "BRA"]
[SourceTitle "EXT 2022"]
[Source "ChessBase"]
[SourceDate "2021.10.06"]
[SourceVersion "1"]
[SourceVersionDate "2021.10.06"]
[SourceQuality "1"]

1. e4 e5 2. Nf3 Nc6 3. Bc4 Bc5 4. Nc3 Nf6 5. d3 h6 6. 0-0 0-0 7. Be3 Bb6 8. Nd5 d6 9. a4 Bg4 10. h3 Bh5 11. g4 Bxe3 12. Nxe3 Bg6 13. a5 Nd4 14. Nxd4 exd4 15. Nf5 Bxf5 16. gxf5 d5 17. exd5 Nxd5 18. Bxd5 Qxd5 19. Qg4 Rae8 20. Rae1 Qxa5 21. f6 Qg5 22. fxg7 Kxg7 23. f3 f5 24. Qxg5+ hxg5 25. Kf2 Kf7 26. Re2 Rxe2+ 27. Kxe2 Re8+ 28. Kf2 f4 29. Ra1 Rh8 30. Kg2 Re8 31. Kf2 Re6 32. Rxa7 Rc6 33. Rxb7 Rxc2+ 34. Kf1 Kg6 35. b4 Kh5 36. Rb5 Rb2 37. Kg1 Kh4 38. Rc5 c6 39. Rxc6 Kg3 40. Kf1 Kxf3 41. Rc1 Kg3 42. Rc5 Rb1+ 43. Ke2 f3+ 44. Kd2 f2 45. Rf5 0-1

[Event "Vitoria da Conquista IRT 6th"]
[Site "Vitoria da Conquista"]
[Date "2016.10.13"]
[Round "20"]
[White "Freitas, Remulo Aguiar"]
[Black "Oliveira, Emanuelle Alves"]
[Result "1-0"]
[WhiteElo "2114"]
[BlackElo "1657"]
[PlyCount "43"]
[EventDate "2016.09.29"]
[EventType "tourn"]
[EventRounds "26"]
[EventCountry "BRA"]
[SourceTitle "EXT 2022"]
[Source "ChessBase"]
[SourceDate "2021.10.06"]
[SourceVersion "1"]
[SourceVersionDate "2021.10.06"]
[SourceQuality "1"]

1. d4 Nf6 2. f3 e6 3. e4 Bb4+ 4. c3 Ba5 5. Bg5 h6 6. Bh4 g5 7. Bf2 d5 8. e5 Nfd7 9. Nd2 Qe7 10. a4 c5 11. Bd3 c4 12. Bb1 0-0 13. h4 f6 14. hxg5 hxg5 15. f4 Qg7 16. Rh7 Qxh7 17. Bxh7+ Kxh7 18. Qh5+ Kg8 19. fxg5 fxg5 20. Qg6+ Kh8 21. Ngf3 Rf5 22. Ke2 1-0